Songs by Decade #2 - Statistics

General Stats
  • This quiz has been taken 31 times
  • The average score is 16 of 25
Answer Stats
Hint Extra Hint Answer % Correct
Yesterday The Beatles 1960s
85%
Beat It Michael Jackson 1980s
85%
Jump Van Halen 1980s
85%
Livin’ on a Prayer Bon Jovi 1980s
85%
Heartbreak Hotel Elvis Presley 1950s
81%
Hotel California Eagles 1970s
78%
I Would Die 4 U Prince 1980s
78%
Good Vibrations The Beach Boys 1960s
70%
Life on Mars David Bowie 1970s
70%
Johnny B. Goode Chuck Berry 1950s
67%
Mr. Blue Sky Electronic Light Orchestra 1970s
67%
Walk of Life Dire Straits 1980s
63%
Under Pressure Queen and David Bowie 1980s
59%
What's Love Got to Do with It Tina Turner 1980s
59%
Buddy Holly Weezer 1990s
59%
I Will Always Love You Whitney Houston 1990s
59%
Firework Katy Perry 2010s
59%
Fortunate Son Creedence Clearwater Revival 1960s
56%
A Horse With No Name America 1970s
56%
Come On Eileen Dexys Midnight Runners 1980s
56%
When You Were Young The Killers 2000s
48%
American Idiot Green Day 2000s
44%
Papa Was A Rollin’ Stone The Temptations 1970s
37%
Mary Jane’s Last Dance Tom Petty 1990s
33%
Good Vibrations Marky Mark and the Funky Bunch ft. Loleatta Holloway 1990s
26%
No matching quizzes found
Score Distribution
Percent of People with Each Score
Percentile by Number Answered
Your Score History
You have not taken this quiz